Fluid Mechanics (Record no. 530083)

000 -LEADER
fixed length control field 00270nam a22001217a 4500
003 - CONTROL NUMBER IDENTIFIER
control field NUST
005 - DATE AND TIME OF LATEST TRANSACTION
control field 20191009115421.0
038 ## - RECORD CONTENT LICENSOR
Staff Name Nusrat Nadeem
082 ## - DEWEY DECIMAL CLASSIFICATION NUMBER
Classification number 620.1 FRA
100 ## - MAIN ENTRY--PERSONAL NAME
Personal name White Frank M
9 (RLIN) 3282
245 ## - TITLE STATEMENT
Title Fluid Mechanics
Statement of responsibility, etc. Frank M. White
942 ## - ADDED ENTRY ELEMENTS (KOHA)
Source of classification or shelving scheme
Koha item type Book
Holdings
Withdrawn status Lost status Source of classification or shelving scheme Damaged status Not for loan Permanent Location Current Location Shelving location Date acquired Total Checkouts Total Renewals Full call number Barcode Checked out Date last seen Date last checked out Price effective from Koha item type
          School of Interdisciplinary Engineering and Sciences (SINES) School of Interdisciplinary Engineering and Sciences (SINES) General Stacks 10/09/2019 1 3 620.1 FRA RCMS002972 03/05/2024 04/19/2021 04/19/2021 10/09/2019 Book
© 2023 Central Library, National University of Sciences and Technology. All Rights Reserved.